Mathematical logic in Latin America : proceedings of the IV Latin American Symposium on Mathematical Logic held in Santiago, December 1978 /
Guardado en:
| Autor Corporativo: | |
|---|---|
| Otros Autores: | , , |
| Formato: | Libro |
| Idioma: | English |
| Publicado: |
Amsterdam :
North-Holland,
1980.
|
| Series: | Studies in logic and the foundations of mathematics ;
v. 99 |
| Materias: | |
| Etiquetas: |
Agregar Etiqueta
Sin Etiquetas, Sea el primero en etiquetar este registro!
|
| LEADER | 01063cam a2200253 a 4500 | ||
|---|---|---|---|
| 001 | MAT.inmabb003937 | ||
| 008 | 790906s1980####ne#######b####100#0#eng## | ||
| 005 | 20170515133253.0 | ||
| 245 | 1 | 0 | |a Mathematical logic in Latin America : |b proceedings of the IV Latin American Symposium on Mathematical Logic held in Santiago, December 1978 / |c edited by A. I. Arruda, R. Chuaqui, N. C. A. da Costa. |
| 260 | |a Amsterdam : |b North-Holland, |c 1980. | ||
| 300 | |a xii, 392 p. ; |c 23 cm. | ||
| 440 | 0 | |a Studies in logic and the foundations of mathematics ; |v v. 99 | |
| 504 | |a Incluye referencias bibliográficas. | ||
| 510 | 4 | |a MR, |c 81d:03002 | |
| 020 | |a 0444854029 | ||
| 111 | 2 | |a Latin American Symposium on Mathematical Logic |n (4º : |d 1978 : |c Santiago de Chile) | |
| 700 | 1 | |a Arruda, Ayda I. |4 edt | |
| 700 | 1 | |a Chuaqui, Rolando. |4 edt | |
| 700 | 1 | |a Costa, Newton Carneiro Affonso da. |4 edt | |
| 650 | 0 | |a Logic, Symbolic and mathematical |x Congresses. | |
| 084 | |a 03-06 |2 msc2000 | ||
| 010 | |a 79020797 | ||
| 040 | |a DLC |c DLC |d DLC | ||
| 859 | |h 03 |i L357-4 |p A-5923 |b BIB. MATEMATICA | ||
